Kashmiri aur hindi sufee kavya ka tulnaatmak addhayan / (Record no. 20673)

MARC details
000 -LEADER
fixed length control field 00415nam a2200157Ia 4500
005 - DATE AND TIME OF LATEST TRANSACTION
control field 20240912121259.0
008 - FIXED-LENGTH DATA ELEMENTS--GENERAL INFORMATION
fixed length control field 240806s9999||||xx |||||||||||||| ||eng||
041 ## - LANGUAGE CODE
Language code of text/sound track or separate title eng
082 ## - DEWEY DECIMAL CLASSIFICATION NUMBER
Classification number 891.431009
Item number HANK
100 ## - MAIN ENTRY--AUTHOR NAME
Personal name Jiyalal Hundoo
245 #0 - TITLE STATEMENT
Title Kashmiri aur hindi sufee kavya ka tulnaatmak addhayan /
Statement of responsibility, etc Jiyalal Hundoo
260 ## - PUBLICATION, DISTRIBUTION, ETC. (IMPRINT)
Name of publisher Bharateey Granth Niketan Delhi
300 ## - PHYSICAL DESCRIPTION
Number of Pages 0
650 ## - SUBJECT ADDED ENTRY--TOPICAL TERM
Topical Term Hindi
942 ## - ADDED ENTRY ELEMENTS (KOHA)
Koha item type Books
Holdings
Withdrawn status Lost status Damaged status Not for loan Permanent Location Current Location Shelving location Date acquired Full call number Accession Number Koha item type
        Central Library, CMP Central Library, CMP General stacks 07/08/2024 891.431009 HANK 25388 Books

Implemented and Maintained by Dr. Punit Kumar Singh

For any Suggestions/Queries, contact the library or email us at: library.cmpdc@gmail.com OR library@cmpcollege.ac.in

Website/OPAC is best viewed in Mozilla Browser at a resolution of 1366x768.